Reyes contemporáneos (Record no. 163416)
[ view plain ]
| 000 -LEADER | |
|---|---|
| campo de control de longitud fija | 01250nam a2200217 i 4500 |
| 001 - NÚMERO DE CONTROL | |
| campo de control | 163416 |
| 003 - IDENTIFICADOR DE NÚMERO DE CONTROL | |
| campo de control | ES-MaACL |
| 005 - FECHA Y HORA DE LA ÚLTIMA TRANSACCIÓN | |
| campo de control | 20230906212733.0 |
| 008 - DATOS DE LONGITUD FIJA--INFORMACIÓN GENERAL | |
| campo de control de longitud fija | 950112m18521854sp af |||| | spa d |
| 245 00 - MENCIÓN DEL TÍTULO | |
| Título | Reyes contemporáneos |
| Resto del título | : compendio histórico filosófico de todas las monarquías, con las biografías de todos los reyes y príncipes reinantes hasta el día : obra ilustrada con los retratos de cuerpo entero de todos los reyes, reinas y príncipes herederos. |
| 260 ## - PUBLICACIÓN, DISTRIBUCIÓN, ETC. | |
| Lugar de publicación, distribución, etc. | Madrid : |
| Nombre del editor, distribuidor, etc. | [s.n.], |
| Fecha de publicación, distribución, etc. | 1852-1854 ( |
| Fabricante | Imp. y Estereotipia de M. Rivadeneyra) |
| 300 ## - DESCRIPCIÓN FÍSICA | |
| Extensión | 3 v. ([4], 495 p., [19] h. de grab. ; [4], 583, [4] p., [17] h. de grab. ; [4], 670, [4] p., [31] h. de grab) : |
| Otras características físicas | il., retratos ; |
| Dimensiones | 31 cm. |
| 596 ## - NOTA AL PIE DE IMPRENTA | |
| NOTA AL PIE DE IMPRENTA | El impresor varía en el vol. 3: Imprenta de la Biblioteca Nueva. |
| 597 ## - NOTA DE DESCRIPCIÓN FÍSICA | |
| NOTA DE DESCRIPCIÓN FÍSICA | Marca tip. en port. |
| 597 ## - NOTA DE DESCRIPCIÓN FÍSICA | |
| NOTA DE DESCRIPCIÓN FÍSICA | Antep. |
| 597 ## - NOTA DE DESCRIPCIÓN FÍSICA | |
| NOTA DE DESCRIPCIÓN FÍSICA | Port. y texto enmarcado. |
| 599 ## - NOTA A LAS ILUSTRACIONES | |
| NOTA A LAS ILUSTRACIONES | Las h. de grab. son litogr., principalmente retratos "J. Vallejo, B. Blanco dibº y litª, Lit. de J. Donon ; A. Cortés, C. Legrand; Angusto de Belvedere lit., Lit. de Martínez, etc." |
| 650 #4 - PUNTO DE ACCESO ADICIONAL DE MATERIA--TÉRMINO DE MATERIA | |
| Término de materia o nombre geográfico como elemento de entrada | Reyes y soberanos- |
| Subdivisión general | Biografías. |
| 9 (RLIN) | 16905 |
| 650 #4 - PUNTO DE ACCESO ADICIONAL DE MATERIA--TÉRMINO DE MATERIA | |
| Término de materia o nombre geográfico como elemento de entrada | Reyes y soberanos- |
| Subdivisión general | Retratos. |
| 9 (RLIN) | 161257 |
| 852 4# - LOCALIZACIÓN | |
| Ubicación | ES-MaACL |
| Número de control de estantería | G-6169-6171 |
| Nota libre | - Enc. hol. |
| Estatus retirado | Estado de pérdida | Estado de daño | No para préstamo | Colección | Biblioteca de origen | Biblioteca actual | Ubicación en estantería | Fecha de adquisición | Fuente de adquisición | Total de préstamos | Signatura topográfica completa | Código de barras | Visto por última vez | Precio de reemplazo | Tipo de ítem Koha |
|---|---|---|---|---|---|---|---|---|---|---|---|---|---|---|---|
| Libros del s. XIX | Biblioteca del Ateneo de Madrid | Biblioteca del Ateneo de Madrid | Depósito 2 | 17/01/2008 | G-6169-6171 | 1171245 | 23/02/2023 | 23/02/2023 | Libro impreso antiguo |
